Liêu trai chí dị

সংরক্ষণ করুন:
গ্রন্থ-পঞ্জীর বিবরন
প্রধান লেখক: Bồ, Tùng Linh
বিন্যাস: গ্রন্থ
ভাষা:Undetermined
প্রকাশিত: Thành phố Hồ Chí Minh Văn hóa Sài Gòn 2005
বিষয়গুলি:
ট্যাগগুলো: ট্যাগ যুক্ত করুন
কোনো ট্যাগ নেই, প্রথমজন হিসাবে ট্যাগ করুন!
Thư viện lưu trữ: Trung tâm Học liệu Trường Đại học Cần Thơ
LEADER 00602nam a2200193Ia 4500
001 CTU_100218
008 210402s9999 xx 000 0 und d
020 |c 109000 
082 |a 895.13 
082 |b L312/T.1 
100 |a Bồ, Tùng Linh 
245 0 |a Liêu trai chí dị 
245 0 |c Bồ Tùng Linh ; Cao Tự Thanh biên dịch 
260 |a Thành phố Hồ Chí Minh 
260 |b Văn hóa Sài Gòn 
260 |c 2005 
650 |a Chinese fiction,Ghost stories, Chinese (Vienamese) 
904 |i Hiếu 
980 |a Trung tâm Học liệu Trường Đại học Cần Thơ